000 00568nam a2200181Ia 4500
003 SISC
005 20160822132920.0
008 140527s9999 xx 000 0 und d
020 _a9780521139779
050 _aHB 145
_b.B86 2011
100 _aBurfisher, Mary E.
245 _aIntroduction to Computable General Equilibrium Models /
_cMary E. Burfisher.
260 _aNew York :
_bCambridge University Press,
_c2011.
300 _a346 pages :
_bill ;
_c26 cm.
500 _aIncludes bibliographical references and index.
942 _kFOR
_cBK
_2lcc
999 _c117544
_d117544